| 000 | 00322nam a2200109 4500 | ||
|---|---|---|---|
| 999 |
_c9611 _d9611 |
||
| 008 | 180712b ||||| |||| 00| 0 eng d | ||
| 245 | _aFree medicine for indigents in gov't hospitals- DSWD. | ||
| 260 |
_aPhilippines _bThe Philippine Star _cc2017 |
||
| 300 | _apage A25. | ||
| 650 | 0 |
_928543 _aPublic welfare. |
|
| 942 |
_2ddc _cPER |
||